Agent-based computational modelling : applications in demography, social, economic and environmental sciences /

Bibliographic Details
Other Authors: Billari, Francesco C.
Format: Book
Language:English
Published: Heidelberg : Physica-Verlag, 2006.
Series:Contributions to economics.
Subjects:

MARC

Tag First Indicator Second Indicator Subfields
LEADER 00000cam a2200000Ia 4500
001 in00002167921
005 20151103162435.0
008 060324s2006 gw ab b 100 0 eng d
016 7 |a 977311953  |2 GyFmDB 
020 |a 379081640X (pbk.) 
029 0 |a OHX  |b har050149152 
035 |a (OCoLC)ocm65207788 
040 |a OHX  |c OHX  |d BAKER  |d UAB  |d IXA  |d TXA  |d UtOrBLW 
049 |a TXAM 
050 4 |a QA76.76.I58  |b A39 2006 
072 7 |a HB  |2 lcco 
245 0 0 |a Agent-based computational modelling :  |b applications in demography, social, economic and environmental sciences /  |c Francesco C. Billari [and others] (editors). 
264 1 |a Heidelberg :  |b Physica-Verlag,  |c 2006. 
300 |a x, 226 pages :  |b illustrations ;  |c 24 cm. 
336 |a text  |b txt  |2 rdacontent 
337 |a unmediated  |b n  |2 rdamedia 
338 |a volume  |b nc  |2 rdacarrier 
490 1 |a Contributions to economics,  |x 1431-1933 
504 |a Includes bibliographical references. 
650 0 |a Intelligent agents (Computer software) 
650 0 |a Demography  |x Mathematical models. 
650 0 |a Social sciences  |x Mathematical models. 
650 0 |a Economics  |x Mathematical models. 
650 0 |a Environmental sciences  |x Mathematical models. 
700 1 |a Billari, Francesco C. 
830 0 |a Contributions to economics.  |x 1431-1933 
938 |a Otto Harrassowitz  |b HARR  |n har050149152  |c 58.80 EUR 
938 |a Baker & Taylor  |b BKTY  |c 69.95  |d 69.95  |i 379081640X  |n 0006657083  |s active 
948 |a cataloged  |b h  |c 2006/6/2  |d c  |e croman 
994 |a C0  |b TXA 
999 |a MARS 
999 f f |s bc7759df-0016-3b57-95fb-13ad72ea683e  |i 54e3424e-0e95-3b99-85d6-33a4ee8ebf99  |t 0 
952 f f |p normal  |a Texas A&M University  |b College Station  |c Sterling C. Evans Library  |d Evans: Library Stacks  |t 0  |e QA76.76.I58 A39 2006  |h Library of Congress classification  |i unmediated -- volume  |m A14834117739 
998 f f |a QA76.76.I58 A39 2006  |t 0  |l Evans: Library Stacks